01292nam0a2200277 4500001002400000005001700024010002200041021002600063035002600089100004100115101000800156102000700164105001800171181001200189182000600201200013700207203007500344210002900419215002000448541025400468686002400722700007300746701008300819701007500902852003700977RU\NLR\BIBL_A\01225028420250128194045.0 a978-5-295-07304-5 aRUbКН-П-20-000234 a(NLR Aleph) 012250284 a20200319d2019 k y0rusy50 ca0 atat aRU ay z 000 y 0aibaxxe 0an1 aТатар телеe9 [с-ф]eметод. кулланмаfИ. С. Насипов, Н. Х. Ваһапов, И. Г. Ахунова aТекстbвизуальныйcнепосредственный aУфаcКитапd2019 a109,[1] б.d201 6z01790aМетодическое пособие к учебному пособию "Татарский язык"eдля 9 кл. общеобразоват. орг. Респ. Башкортостан: пособие для учителей.zrus1 aЧ426.153татар 1aНасиповbИ. С.gИлшат Сәхиятулла улы4070 1aВаһаповbН. Х.gНигъмәтулла Хәмидулла улы4070 1aАхуноваbИ. Г.gИлмера Галиәкрам кызы4070 aNLRbОНЛjТатар./2-13005